Top 50 AC/DC Songs - Statistics

General Stats
  • This quiz has been taken 941 times
    935 since last reset
  • The average score is 15 of 50
Answer Stats
Song % Correct
1 Back in Black
95%
6 Highway To Hell
89%
10 Thunderstruck
88%
16 Hells Bells
80%
8 You Shook Me All Night Long
75%
15 T.N.T.
74%
5 Dirty Deeds Done Dirt Cheap
70%
4 For Those About to Rock (We Salute You)
63%
2 Whole Lotta Rosie
59%
12 Shoot To Thrill
56%
17 It's a Long Way to the Top (if You Wanna Rock 'n' Roll)
55%
3 Let There Be Rock
51%
20 High Voltage
48%
47 Rock 'n' Roll Train
43%
29 Who Made Who
42%
9 The Jack
41%
34 Big Balls
35%
19 Jailbreak
32%
35 If You Want Blood (You've Got It)
30%
13 Touch Too Much
30%
36 Have a Drink on Me
27%
48 Stiff Upper Lip
25%
31 Riff Raff
23%
22 Rock 'n' Roll Ain't Noise Pollution
23%
11 Sin City
23%
44 Heatseeker
22%
25 Hell Ain't a Bad Place to Be
21%
7 Problem Child
20%
28 Big Gun
19%
30 Hard as a Rock
18%
23 Ride On
18%
27 Live Wire
17%
18 Walk All Over You
15%
39 Rocker (Live)
13%
43 Shake a Leg
12%
14 Bad Boy Boogie
10%
41 Beating Around the Bush
8%
26 Guns For Hire
8%
50 Shake Your Foundations
8%
21 Down Payment Blues
7%
42 Gone Shootin'
7%
24 Let's Get It Up
7%
38 She's Got Balls
7%
37 Go Down
6%
40 Mistress For Christmas
5%
33 Ain't no Fun (Waiting Round to be a Millionaire)
4%
32 I Put the Finger on You
1%
49 This House is on Fire
1%
46 Burnin' Alive
0%
45 Carry Me Home
0%
No matching quizzes found
Score Distribution
Percent of People with Each Score
Percentile by Number Answered
Your Score History
You have not taken this quiz since the last reset